| 000 -ლიდერი |
| ფიქსირებული სიგრძის საკონტროლო ველი |
01717nam a2200289Ia 4500 |
| 001 - საკონტროლო ნომერი |
| საკონტროლო ველი |
10766 |
| 003 - საკონტროლო ნომრის იდენტიფიკატორი |
| საკონტროლო ველი |
GE_BSU |
| 005 - ბოლო ოპერაციის თარიღი და დრო |
| საკონტროლო ველი |
20200506174745.0 |
| 008 - ფიქსირებული სიგრძის მონაცემთა ელემენტები - ზოგადი ინფორმაცია |
| ფიქსირებული სიგრძის საკონტროლო ველი |
181216s2013ge xx |||||||||||||| ||geo|| |
| 020 ## - წიგნის საერთაშორისო სტანდარტული ნომერი |
| International Standard Book Number |
9789941106750 |
| 040 ## - კატალოგიზაციის წყარო |
| Transcribing agency |
GE_BSU |
| 041 ## - ენის კოდი |
| Language code of text/sound track or separate title |
geo |
| 080 ## - უნივერსალური ათობითი კლასიფიკაციის ინდექსი |
| Universal Decimal Classification number |
343.98(075.8) ფ-32 |
| 100 ## - მთავარი ჩანაწერი - პიროვნების სახელი |
| Personal name |
ფაფიაშვილი, შოთა |
| 9 (RLIN) |
3829 |
| 245 ## - ცნობა სათაურის შესახებ |
| Title |
კრიმინალისტიკა ; (განსაკუთრებული ნაწილი):დანაშაულთა გამოძიებისა და გახსნის მეთოდიკა : |
| Remainder of title |
სახელმძღვანელო / |
| Statement of responsibility, etc |
შოთა გიორგის ძე ფაფიაშვილი ; რედ. ჯამლეთ ბაბილაშვილი |
| 264 ## - წარმოების, გამოცემის, დისტრიბუციის და სხვა ცნობები |
| გამოცემის, წარმოების, დისტრიბუციის... ადგილი |
თბილისი : |
| გამოცემის, წარმოების, დისტრიბუციის... სახელწოდება |
მერიდიანი, |
| გამოცემის, წარმოების, დისტრიბუციის... თარიღი |
2013. |
| 300 ## - ფიზიკური აღწერა |
| Extent |
632 გვ .: |
| Other physical details |
ცხრ; სურ |
| Dimensions |
24 სმ.. |
| 500 ## - ზოგადი შენიშვნა |
| General note |
დანართები გვ: 524-556. |
| 504 ## - BIBLIOGRAPHY, ETC. NOTE |
| Bibliography, etc |
ბიბლიოგრ.ტექსტ.შენიშვნ.გვ:606-613. |
| 520 ## - SUMMARY, ETC. |
| Summary, etc |
რეზ.რუს.და ინგ |
| 546 ## - LANGUAGE NOTE |
| Language note |
მე-3 გვ.სათ.რუს.და ინგლ.ენ. |
| 653 ## - INDEX TERM--UNCONTROLLED |
| Uncontrolled term |
კრიმინალისტიკა |
| 653 ## - INDEX TERM--UNCONTROLLED |
| Uncontrolled term |
დანაშაულის გამოძიება |
| 653 ## - INDEX TERM--UNCONTROLLED |
| Uncontrolled term |
დანაშაულის გახსნის მეთოდიკა. |
| 700 ## - ADDED ENTRY--PERSONAL NAME |
| Personal name |
ბაბილაშვილი, ჯამლეთ |
| Relator term |
რედაქტორი |
| 9 (RLIN) |
7990 |
| 942 ## - ADDED ENTRY ELEMENTS (KOHA) |
| Koha item type |
წიგნი |
| Source of classification or shelving scheme |
|